000 00840nam a22002297a 4500
999 _c19396
_d19396
003 AR-CdUCM
008 190517b ||||| |||| 00| 0 spa d
040 _aMUNICIPALIDAD PROVINCIAL DEL CUSCO
_cBIBLIOTECA MUNICIPAL DEL CUSCO
082 _25ed.
_a510 /
_bAD24
100 _aAdler, Irving
_940712
245 _aLa nueva matemática /
260 _aBuenos Aires :
_bUniversitaria,
_c1967.
300 _a283 paginas ;
_c19 cm.
440 _aColección ciencia joven
_940713
505 _aContenido :Números para contar -- Sistemas numéricos sin numero -- Nuevos números derivados de los antiguos --Números para medir ...
650 _aMatemáticas
_99398
650 _aMatrices
_940714
650 _aNúmeros para medir
_940715
700 _aJaúregui, Jorge (Traducción)
_940716
942 _2ddc
_cLIBROS
945 _awnts
_d2019-05-17